000 00248nam a2200097Ia 4500
001 685015
005 20250826161509.0
008 250824s9999 xx 000 0 und d
245 0 _aKAYIP GÖLGELER KENTİ/N.ERAY/EVEREST
_cNAZLI ERAY
260 _bEVEREST
999 _c685015
_d685015